000 00840nam a22002177a 4500
003 AUA.1
005 20260208091112.0
008 260208b |||||||| |||| 00| 0 eng d
040 _cJTL
100 _aSimankane, Tapologo Kago
245 _aThe influence of leaders spirituality on congregational spirituality through leadership behavior in local Seventh-day Adventist churches of Botswana Union Conference /
_cTapologo Kago Simankane.
260 _cc2025.
300 _axv, 289 leaves :
_bIllustrations ;
_c30 cm.
610 _aSeventh-day Adventist Church :
_bBotswana Union Conference /
650 _aChristian life
650 _aSpiritual life
650 _aReligious leaders
650 _aChristian leadership
_xSeventh-day Adventists
650 _aChurch membership
942 _2aua
_cDISS
_hPhD Lead
_i.S56 2025
999 _c25303
_d25303